| 000 | 00335nam a22001337a 4500 | ||
|---|---|---|---|
| 082 |
_a629.225 _bSER _cL- , P- |
||
| 100 |
_aD8 Tractor _944391 |
||
| 245 |
_aReference book for caterpillar _cD 8 Tractor |
||
| 260 |
_aUSA _c1952 |
||
| 300 | _a271 p | ||
| 526 |
_a0 _b0 _c0 _d629_225000000000000_SER |
||
| 650 |
_aMCE _9379 |
||
| 942 |
_2ddc _cBK |
||
| 999 |
_c548194 _d548194 |
||